Loading...
India and constitution making
| Main Author: | |
|---|---|
| Format: | Printed Book |
| Language: | English |
| Published: |
Culcutta
Renaissance Publishers
1948
|
| Subjects: |
| LEADER | 00532nam a22001577a 4500 | ||
|---|---|---|---|
| 005 | 20160820112644.0 | ||
| 008 | 091118t xxu||||| |||| 00| 0 eng d | ||
| 082 | |a 347.192(540) |b SPR | ||
| 100 | |a Spratt,Philip |9 6145 | ||
| 245 | |a India and constitution making | ||
| 300 | |a x,82p. | ||
| 653 | |a India |a constitution making | ||
| 942 | |c BK |6 _ | ||
| 260 | |a Culcutta |b Renaissance Publishers |c 1948 | ||
| 999 | |c 173898 |d 173898 | ||
| 952 | |0 0 |1 0 |2 ddc |4 0 |6 347192540_SPR |7 0 |9 225434 |a DAE |b DAE |d 2009-11-18 |o 347.192(540) SPR |p ECO04571 |r 2016-08-20 |w 2016-08-20 |y BK | ||